[Event "71st RUS-ch Higher League 2018"]
[Site "Yaroslavl"]
[Date "2018.07.05"]
[Round "9"]
[White "Popov, Ivan"]
[Black "Romanov, Evgeny"]
[Result "1/2-1/2"]
[WhiteElo "2608"]
[BlackElo "2628"]
[Annotator "ChessBase"]
[PlyCount "112"]
[EventDate "2018.06.26"]
[EventType "swiss"]
[EventCountry "RUS"]
[SourceTitle "playchess.com"]
[Source "ChessBase"]
[SourceQuality "1"]
[TimeControl "40/5400+30:1800+30"]

1. e4 {[%emt 0:00:00]} c5 {[%emt 0:01:32]} 2. Nf3 {[%emt 0:00:00]} e6 {[%emt 0:00:12]} 3. d4 {[%emt 0:00:00]} cxd4 {[%emt 0:00:06]} 4. Nxd4 {[%emt 0:00:03]} a6 {[%emt 0:00:08]} 5. c4 {[%emt 0:00:19]} d6 {[%emt 0:00:28]} 6. Nc3 {[%emt 0:00:35]} b6 {[%emt 0:00:08]} 7. f4 {[%emt 0:06:18]} Bb7 {[%emt 0:01:48]} 8. f5 {[%emt 0:01:11]} e5 {[%emt 0:23:28]} 9. Nf3 {[%emt 0:02:37]} Nd7 {[%emt 0:00:12]} 10. Bd3 {[%emt 0:01:41]} Ngf6 {[%emt 0:01:03]} 11. Qe2 {[%emt 0:09:41]} Be7 {[%emt 0:02:03]} 12. O-O {[%emt 0:05:51]} O-O {[%emt 0:00:34]} 13. Bg5 {[%emt 0:14:06]} Nc5 {[%emt 0:13:23]} 14. b4 {[%emt 0:02:41]} Nxd3 {[%emt 0:01:11]} 15. Qxd3 {[%emt 0:00:03]} b5 {[%emt 0:04:57]} 16. cxb5 {[%emt 0:12:06]} d5 {[%emt 0:09:27]} 17. Nxe5 {[%emt 0:08:30]} axb5 {[%emt 0:05:22]} 18. exd5 {[%emt 0:08:46]} Nxd5 {[%emt 0:03:35]} 19. Nxd5 {[%emt 0:01:03]} Bxg5 {[%emt 0:01:01]} 20. Rfd1 {[%emt 0:09:00]} Re8 {[%emt 0:09:09]} 21. Nf3 {[%emt 0:00:29]} Bxd5 {[%emt 0:05:15]} 22. Qxd5 {[%emt 0:00:23]} Qxd5 {[%emt 0:00:27]} 23. Rxd5 {[%emt 0:00:03]} Bf6 {[%emt 0:00:08]} 24. Re1 {[%emt 0:02:21]} Rxe1+ {[%emt 0:00:51]} 25. Nxe1 {[%emt 0:00:06]} Rxa2 {[%emt 0:00:11]} 26. Nf3 {[%emt 0:01:19]} g5 {[%emt 0:07:24]} 27. fxg6 {[%emt 0:01:04]} hxg6 {[%emt 0:03:37]} 28. Rxb5 {[%emt 0:00:27]} Rb2 {[%emt 0:00:24]} 29. Rb7 {[%emt 0:01:02]} g5 {[%emt 0:00:32]} 30. h3 {[%emt 0:00:32]} Kf8 {[%emt 0:01:19]} 31. Rb5 {[%emt 0:07:01]} Be7 {[%emt 0:02:13]} 32. Nxg5 {[%emt 0:00:28]} Bxg5 {[%emt 0:00:58]} 33. Rxg5 {[%emt 0:00:06]} Rxb4 {[%emt 0:00:04]} 34. Kf2 {[%emt 0:00:24]} f6 {[%emt 0:00:29]} 35. Rg4 {[%emt 0:00:13]} Rb3 {[%emt 0:00:14]} 36. h4 {[%emt 0:00:27]} Kf7 {[%emt 0:00:22]} 37. g3 {[%emt 0:00:50]} Rb2+ {[%emt 0:01:07]} 38. Kf3 {[%emt 0:00:06]} Rb3+ {[%emt 0:00:09]} 39. Kg2 {[%emt 0:00:05]} Rb2+ {[%emt 0:00:34]} 40. Kh3 {[%emt 0:00:00]} Rb5 {[%emt 0:00:00]} 41. Rf4 {[%emt 0:06:13]} Kg6 {[%emt 0:06:21]} 42. Kg4 {[%emt 0:00:20]} f5+ {[%emt 0:09:45]} 43. Kh3 {[%emt 0:00:40]} Rb2 44. Ra4 Rc2 {[%emt 0:00:59]} 45. Ra6+ {[%emt 0:03:21]} Kg7 46. h5 {[%emt 0:06:25]} Rc4 {[%emt 0:01:44]} 47. Rg6+ {[%emt 0:00:17]} Kf7 {[%emt 0:00:49]} 48. Ra6 {[%emt 0:08:13]} Kg7 {[%emt 0:00:23]} 49. Ra5 {[%emt 0:00:14]} Kf6 {[%emt 0:00:53]} 50. h6 {[%emt 0:00:07]} Kg6 {[%emt 0:00:48]} 51. Ra6+ {[%emt 0:00:05]} Kh7 {[%emt 0:00:46]} 52. Rf6 {[%emt 0:00:05]} Ra4 {[%emt 0:00:48]} 53. Rxf5 {[%emt 0:00:05]} Kxh6 {[%emt 0:00:08]} 54. Rf4 {[%emt 0:00:01]} Rxf4 {[%emt 0:00:43]} 55. gxf4 {[%emt 0:00:04]} Kg6 {[%emt 0:00:07]} 56. f5+ {[%emt 0:00:02]} Kxf5 {[%emt 0:00:08]} 1/2-1/2

[Event "71st RUS-ch Higher League 2018"]
[Site "Yaroslavl"]
[Date "2018.07.05"]
[Round "9"]
[White "Turov, Maxim"]
[Black "Sakaev, Konstantin"]
[Result "1/2-1/2"]
[WhiteElo "2600"]
[BlackElo "2580"]
[Annotator "ChessBase"]
[PlyCount "74"]
[EventDate "2018.06.26"]
[EventType "swiss"]
[EventCountry "RUS"]
[SourceTitle "playchess.com"]
[Source "ChessBase"]
[SourceQuality "1"]
[TimeControl "40/5400+30:1800+30"]

1. d4 {[%emt 0:00:00]} Nf6 {[%emt 0:00:00]} 2. c4 {[%emt 0:00:00]} e6 {[%emt 0:00:00]} 3. Nc3 {[%emt 0:00:00]} Bb4 {[%emt 0:00:08]} 4. e3 {[%emt 0:00:06]} O-O {[%emt 0:00:19]} 5. Bd3 {[%emt 0:00:16]} d5 {[%emt 0:01:02]} 6. a3 {[%emt 0:00:36]} Bxc3+ {[%emt 0:01:20]} 7. bxc3 {[%emt 0:00:09]} dxc4 {[%emt 0:03:00]} 8. Bxc4 {[%emt 0:00:09]} c5 {[%emt 0:00:05]} 9. Nf3 {[%emt 0:01:48]} Qc7 {[%emt 0:01:12]} 10. Ba2 {[%emt 0:01:54]} Nbd7 {[%emt 0:03:33]} 11. O-O {[%emt 0:01:18]} b6 {[%emt 0:00:34]} 12. Bb2 {[%emt 0:00:24]} Bb7 {[%emt 0:00:18]} 13. Nd2 {[%emt 0:01:22]} b5 {[%emt 0:14:36]} 14. c4 {[%emt 0:06:23]} bxc4 {[%emt 0:11:36]} 15. Nxc4 {[%emt 0:02:27]} Bd5 {[%emt 0:01:58]} 16. Qe2 {[%emt 0:30:35]} cxd4 {[%emt 0:01:47]} 17. Bxd4 {[%emt 0:00:45]} Rfc8 {[%emt 0:01:11]} 18. Rac1 {[%emt 0:22:10]} Qc6 {[%emt 0:08:42]} 19. f3 {[%emt 0:03:16]} Qa6 {[%emt 0:01:11]} 20. Rc2 {[%emt 0:02:42]} Bxc4 {[%emt 0:05:33]} 21. Bxc4 {[%emt 0:00:08]} Qxa3 {[%emt 0:00:07]} 22. Ra1 {[%emt 0:00:07]} Qb4 {[%emt 0:00:54]} 23. Ba6 {[%emt 0:05:12]} Rxc2 {[%emt 0:01:49]} 24. Qxc2 {[%emt 0:00:11]} e5 {[%emt 0:01:25]} 25. Qc6 {[%emt 0:01:09]} Re8 {[%emt 0:05:37]} 26. Bxa7 {[%emt 0:00:50]} Nb8 {[%emt 0:01:03]} 27. Bxb8 {[%emt 0:00:31]} Qxb8 {[%emt 0:03:41]} 28. Qb7 {[%emt 0:05:18]} Qxb7 {[%emt 0:02:08]} 29. Bxb7 {[%emt 0:00:06]} g6 {[%emt 0:00:41]} 30. Ra8 {[%emt 0:00:19]} Rxa8 {[%emt 0:00:06]} 31. Bxa8 {[%emt 0:00:03]} h5 {[%emt 0:01:04]} 32. Kf2 {[%emt 0:00:21]} Ne8 {[%emt 0:00:13]} 33. f4 {[%emt 0:00:13]} exf4 {[%emt 0:00:06]} 34. exf4 {[%emt 0:00:02]} Kg7 {[%emt 0:00:07]} 35. Kf3 {[%emt 0:00:12]} Nf6 {[%emt 0:00:08]} 36. Bc6 {[%emt 0:00:18]} Kf8 {[%emt 0:00:06]} 37. g3 {[%emt 0:00:06]} Kg7 {[%emt 0:00:07]} 1/2-1/2

[Event "71st RUS-ch Higher League 2018"]
[Site "Yaroslavl"]
[Date "2018.07.05"]
[Round "9"]
[White "Pridorozhni, Aleksei"]
[Black "Lomasov, Semen"]
[Result "1/2-1/2"]
[WhiteElo "2589"]
[BlackElo "2549"]
[Annotator "ChessBase"]
[PlyCount "85"]
[EventDate "2018.06.26"]
[EventType "swiss"]
[EventCountry "RUS"]
[SourceTitle "playchess.com"]
[Source "ChessBase"]
[SourceQuality "1"]
[TimeControl "40/5400+30:1800+30"]

1. c4 {[%emt 0:02:42]} e5 {[%emt 0:00:00]} 2. Nc3 {[%emt 0:00:12]} Nc6 {[%emt 0:00:00]} 3. g3 {[%emt 0:00:13]} Bc5 {[%emt 0:00:00]} 4. Bg2 {[%emt 0:00:23]} d6 {[%emt 0:00:00]} 5. Na4 {[%emt 0:04:44]} Nge7 {[%emt 0:00:09]} 6. a3 {[%emt 0:00:15]} a5 {[%emt 0:03:05]} 7. Nxc5 {[%emt 0:06:22]} dxc5 {[%emt 0:00:06]} 8. d3 {[%emt 0:00:07]} O-O {[%emt 0:00:46]} 9. Nf3 {[%emt 0:00:42]} Bg4 {[%emt 0:06:32]} 10. h3 {[%emt 0:04:52]} Bh5 {[%emt 0:02:14]} 11. g4 {[%emt 0:10:13]} Bg6 {[%emt 0:00:27]} 12. Nh4 {[%emt 0:00:06]} Qd7 {[%emt 0:08:53]} 13. Qa4 {[%emt 0:08:28]} Rad8 {[%emt 0:02:17]} 14. Nxg6 {[%emt 0:02:15]} hxg6 {[%emt 0:00:21]} 15. Be3 {[%emt 0:02:01]} b6 {[%emt 0:01:04]} 16. O-O-O {[%emt 0:04:08]} Qe6 {[%emt 0:01:06]} 17. Kb1 {[%emt 0:04:48]} Rd6 {[%emt 0:06:43]} 18. Bd2 {[%emt 0:08:00]} Rfd8 {[%emt 0:03:05]} 19. Bc3 {[%emt 0:00:11]} Nd4 {[%emt 0:03:01]} 20. Rd2 {[%emt 0:01:20]} Qf6 {[%emt 0:24:32]} 21. Rf1 {[%emt 0:02:19]} g5 {[%emt 0:00:19]} 22. Qd1 {[%emt 0:01:11]} Ng6 {[%emt 0:00:47]} 23. Be4 {[%emt 0:00:40]} Qe7 {[%emt 0:08:45]} 24. e3 {[%emt 0:02:01]} Nf8 {[%emt 0:02:36]} 25. b3 {[%emt 0:04:11]} Nc6 {[%emt 0:00:06]} 26. Qf3 {[%emt 0:00:07]} Nb8 {[%emt 0:01:35]} 27. Qf5 {[%emt 0:07:21]} Nbd7 {[%emt 0:01:35]} 28. h4 {[%emt 0:05:05]} Rf6 {[%emt 0:07:34]} 29. Qxg5 {[%emt 0:00:07]} Ne6 {[%emt 0:00:07]} 30. Qh5 {[%emt 0:00:04]} Rh6 {[%emt 0:00:07]} 31. Qf5 {[%emt 0:00:06]} Rxh4 {[%emt 0:03:41]} 32. Bd5 {[%emt 0:04:41]} g6 {[%emt 0:04:09]} 33. Qe4 {[%emt 0:01:25]} Qd6 {[%emt 0:00:16]} 34. Rh1 {[%emt 0:05:14]} Nf6 {[%emt 0:04:34]} 35. Rxh4 {[%emt 0:02:35]} Nxe4 {[%emt 0:00:06]} 36. Bxe4 {[%emt 0:00:03]} Ng5 {[%emt 0:02:24]} 37. Bg2 {[%emt 0:02:17]} f6 {[%emt 0:01:25]} 38. Rh1 {[%emt 0:02:48]} Re8 {[%emt 0:00:49]} 39. Kc2 {[%emt 0:00:00]} Kg7 {[%emt 0:00:00]} 40. Rf1 {[%emt 0:00:00]} Ne6 {[%emt 0:00:00]} 41. Bd5 {[%emt 0:14:03]} g5 {[%emt 0:06:50]} 42. Rh1 {[%emt 0:01:58]} Rh8 {[%emt 0:01:25]} 43. Rxh8 {[%emt 0:00:49]} 1/2-1/2

[Event "71st RUS-ch Higher League 2018"]
[Site "Yaroslavl"]
[Date "2018.07.05"]
[Round "9"]
[White "Timofeev, Artyom"]
[Black "Najer, Evgeniy"]
[Result "1/2-1/2"]
[WhiteElo "2583"]
[BlackElo "2668"]
[Annotator "TA"]
[PlyCount "150"]
[EventDate "2018.06.26"]
[EventType "swiss"]
[EventCountry "RUS"]
[SourceTitle "playchess.com"]
[Source "ChessBase"]
[SourceQuality "1"]

{[%evp 22,150,0,0,23,0,37,28,41,44,82,80,79,80,97,12,12,0,3,3,7,12,39,0,29,24,14,0,0,0,10,0,0,0,0,0,0,0,0,0,0,0,0,0,0,0,26,23,70,68,89,99,99,82,83,56,85,92,82,73,81,79,79,85,78,80,89,89,90,122,138,127,113,53,53,53,56,53,53,53,53,8,8,8,8,8,8,8,8,8,8,8,8,8,1156,1147,1108,8,8,8,8,8,8,8,8,8,8,8,8,8,8,8,8,0,8,0,8,8,8,8,8,8,8,8,8,0,0,0,0,0,0]} 1. e4 c5 2. Nf3 d6 3. d4 cxd4 4. Nxd4 Nf6 5. Nc3 a6 6. Be3 e5 7. Nf3 Be7 8. Bc4 O-O 9. O-O Nc6 10. Re1 {B90: Sicilian Najdorf: Unusual White 6th moves, 6 Be3 Ng4 and 6 Be3 e5} b5 (10... Be6 11. Nd5 Bxd5 12. exd5 Nb8 13. a4 Nbd7 14. a5 Ng4 15. Bc1 f5 16. Bf1 Bf6 17. h3 Nh6 {1-0 (30) Karjakin,S (2760)-Ivanchuk,V (2729) Medias 2017}) 11. Bf1 Rb8 12. Bg5 {LiveBook: 49 Games} Nd7 13. Be3 $146 ({Predecessor:} 13. Bxe7 Qxe7 14. Nd5 Qd8 15. Qd2 Nc5 16. c3 h6 17. b4 Na4 {1-0 (47) Guliyev,N (2545)-Smeets,J (2538) ICC INT 2007}) 13... Nc5 14. a3 Bg4 15. Be2 Be6 16. b4 Nd7 17. Nd5 Nf6 18. Nxf6+ ({White should try} 18. c4 $16) 18... Bxf6 $11 19. c4 Qd7 20. Rc1 h6 21. h3 Be7 22. Nh2 {[%cal Bf3h2,Bh2g4,Bg4e3,Be3f5][%mdl 32]} Bg5 23. Bxg5 hxg5 24. cxb5 axb5 25. Bg4 Rfc8 26. Qd2 Bxg4 27. Nxg4 f6 28. Qd5+ Kf8 29. Ne3 Nd4 {[#] And now ...Rxc1 would win.} 30. Rxc8+ Rxc8 31. Nf5 Qc6 32. Qxd6+ Qxd6 33. Nxd6 {[%mdl 4096] Endgame KRN-KRN} Rc6 34. Nf5 Nc2 35. Rd1 $1 g6 36. Rd8+ Kf7 37. Rd7+ Ke8 38. Rd6 Rc4 39. Ne3 Nxe3 40. fxe3 $16 {KR-KR} Ke7 41. Rb6 Rc3 42. Kf2 Rxa3 43. Rxb5 Rb3 44. Rb7+ Ke6 45. Rb6+ Kf7 {[#]} 46. Rb8 $1 Rb2+ 47. Kf3 (47. Kg1 $16) 47... f5 $1 $14 48. b5 g4+ $1 49. hxg4 fxg4+ 50. Kg3 {Black must now prevent b6.} Kf6 $1 51. b6 {aiming for Kh4.} Kg5 $1 52. b7 {Hoping for Kh2.} Rb3 53. Re8 Rxb7 54. Rxe5+ Kf6 55. Re8 Rb2 56. Rf8+ Ke5 $1 57. Rf2 Rb3 $2 {[%mdl 8192]} (57... Rb5 $11) 58. Kxg4 $18 Rxe3 59. Rf8 $2 (59. Kg5 $18 Rg3+ 60. Kh4) 59... Rxe4+ $11 {The position is equal.} 60. Kg5 Ke6 61. Re8+ Kd5 62. Ra8 Ke6 $1 63. Ra7 Re2 64. g4 Rg2 $1 65. Rg7 Rg1 66. Rxg6+ Kf7 67. Kh6 {Strongly threatening Rg7+.} Rh1+ 68. Kg5 Ra1 69. Rb6 Kg7 70. Rb7+ Kg8 71. Kh5 Ra5+ 72. g5 Ra6 73. g6 {Threatening Kh6.} Ra1 74. Rb8+ Kg7 75. Rb7+ Kg8 {Precision: White = 64%, Black = 64%.} 1/2-1/2

[Event "71st RUS-ch Higher League 2018"]
[Site "Yaroslavl"]
[Date "2018.07.05"]
[Round "9"]
[White "Volkov, Sergey"]
[Black "Girya, Olga"]
[Result "1/2-1/2"]
[WhiteElo "2580"]
[BlackElo "2457"]
[Annotator "ChessBase"]
[PlyCount "142"]
[EventDate "2018.06.26"]
[EventType "swiss"]
[EventCountry "RUS"]
[SourceTitle "playchess.com"]
[Source "ChessBase"]
[SourceQuality "1"]
[TimeControl "40/5400+30:1800+30"]

1. d4 {[%emt 0:00:00]} Nf6 {[%emt 0:00:00]} 2. c4 {[%emt 0:00:00]} e6 {[%emt 0:00:00]} 3. Nf3 {[%emt 0:00:00]} d5 {[%emt 0:00:00]} 4. Nc3 {[%emt 0:00:00]} Bb4 {[%emt 0:00:00]} 5. Qa4+ {[%emt 0:00:09]} Nc6 {[%emt 0:00:00]} 6. e3 {[%emt 0:00:04]} O-O {[%emt 0:00:13]} 7. Qc2 {[%emt 0:00:09]} Re8 {[%emt 0:03:31]} 8. Bd2 {[%emt 0:00:29]} a6 {[%emt 0:01:34]} 9. Rd1 {[%emt 0:02:23]} Bd7 {[%emt 0:04:52]} 10. a3 {[%emt 0:01:11]} Bf8 {[%emt 0:08:59]} 11. Bc1 {[%emt 0:05:34]} Ne7 {[%emt 0:32:00]} 12. b4 {[%emt 0:05:44]} dxc4 {[%emt 0:01:33]} 13. Bxc4 {[%emt 0:00:09]} Ned5 {[%emt 0:00:08]} 14. O-O {[%emt 0:03:26]} Nxc3 {[%emt 0:01:22]} 15. Qxc3 {[%emt 0:00:07]} Ba4 {[%emt 0:00:54]} 16. Bb3 {[%emt 0:01:48]} Ne4 {[%emt 0:03:50]} 17. Qc2 {[%emt 0:00:20]} Bxb3 {[%emt 0:00:23]} 18. Qxb3 {[%emt 0:00:07]} Qd5 {[%emt 0:00:20]} 19. Qc2 {[%emt 0:00:34]} a5 {[%emt 0:08:17]} 20. bxa5 {[%emt 0:02:44]} Rxa5 {[%emt 0:04:54]} 21. Ne5 {[%emt 0:07:00]} f6 {[%emt 0:00:42]} 22. Nd3 {[%emt 0:00:46]} Qc6 {[%emt 0:07:32]} 23. Qxc6 {[%emt 0:03:14]} bxc6 {[%emt 0:00:01]} 24. f3 {[%emt 0:03:22]} Nc3 {[%emt 0:00:09]} 25. Rd2 {[%emt 0:00:25]} Bxa3 {[%emt 0:01:26]} 26. Rc2 {[%emt 0:00:56]} Bxc1 {[%emt 0:01:08]} 27. Rfxc1 {[%emt 0:00:44]} Nd5 {[%emt 0:00:04]} 28. e4 {[%emt 0:04:04]} Ne7 {[%emt 0:00:15]} 29. Nb4 {[%emt 0:05:39]} Ra4 {[%emt 0:01:40]} 30. Rc4 {[%emt 0:00:57]} Kf7 {[%emt 0:03:06]} 31. Nxc6 {[%emt 0:00:40]} Rxc4 {[%emt 0:00:13]} 32. Rxc4 {[%emt 0:00:07]} Nxc6 {[%emt 0:00:03]} 33. Rxc6 {[%emt 0:00:05]} Rc8 {[%emt 0:02:37]} 34. f4 {[%emt 0:04:59]} Ke7 {[%emt 0:00:10]} 35. Rc3 {[%emt 0:01:27]} c6 {[%emt 0:09:07]} 36. Rg3 {[%emt 0:04:14]} Kf7 {[%emt 0:00:27]} 37. Ra3 {[%emt 0:00:24]} c5 {[%emt 0:03:13]} 38. Rc3 {[%emt 0:02:08]} c4 {[%emt 0:00:04]} 39. Kf2 {[%emt 0:00:28]} e5 {[%emt 0:03:49]} 40. Ke3 {[%emt 0:00:00]} exf4+ {[%emt 0:00:00]} 41. Kxf4 Ke6 42. g4 {[%emt 0:05:21]} g5+ {[%emt 0:08:37]} 43. Ke3 {[%emt 0:00:07]} Ra8 {[%emt 0:05:02]} 44. h4 {[%emt 0:06:15]} h6 {[%emt 0:07:32]} 45. h5 {[%emt 0:01:07]} Ra4 {[%emt 0:00:35]} 46. Kd2 {[%emt 0:00:32]} Kd6 {[%emt 0:01:21]} 47. Rc2 {[%emt 0:01:51]} Ra3 {[%emt 0:01:59]} 48. Rxc4 {[%emt 0:02:14]} Rg3 {[%emt 0:00:04]} 49. Ra4 {[%emt 0:06:30]} Rxg4 {[%emt 0:00:36]} 50. Kd3 {[%emt 0:03:47]} Rh4 {[%emt 0:01:25]} 51. Ra6+ {[%emt 0:00:06]} Ke7 {[%emt 0:00:05]} 52. Ra7+ {[%emt 0:00:11]} Kd6 {[%emt 0:01:02]} 53. d5 {[%emt 0:07:09]} Rxh5 {[%emt 0:00:05]} 54. Rf7 {[%emt 0:00:08]} Rh1 {[%emt 0:00:37]} 55. Rxf6+ {[%emt 0:00:11]} Ke5 {[%emt 0:00:38]} 56. Rf5+ {[%emt 0:03:22]} Kd6 {[%emt 0:00:01]} 57. Rf8 {[%emt 0:01:07]} g4 {[%emt 0:02:11]} 58. Rg8 {[%emt 0:00:35]} h5 {[%emt 0:00:27]} 59. Ke2 {[%emt 0:01:53]} Rh3 {[%emt 0:02:45]} 60. Rg5 {[%emt 0:00:47]} Kc5 {[%emt 0:01:03]} 61. Rg6 {[%emt 0:01:33]} Kd4 {[%emt 0:00:53]} 62. d6 {[%emt 0:00:04]} Rh2+ {[%emt 0:01:48]} 63. Kf1 {[%emt 0:01:54]} Kxe4 {[%emt 0:00:56]} 64. Ke1 {[%emt 0:03:31]} Rh3 {[%emt 0:00:42]} 65. Rh6 {[%emt 0:03:45]} Rd3 {[%emt 0:02:25]} 66. Rxh5 {[%emt 0:00:15]} Rxd6 {[%emt 0:00:35]} 67. Kf2 {[%emt 0:00:32]} Kf4 {[%emt 0:00:05]} 68. Ra5 {[%emt 0:00:08]} Rd2+ {[%emt 0:00:03]} 69. Kg1 {[%emt 0:00:06]} Kg3 {[%emt 0:00:05]} 70. Ra3+ {[%emt 0:00:09]} Kh4 {[%emt 0:00:05]} 71. Rc3 {[%emt 0:00:15]} g3 {[%emt 0:00:12]} 1/2-1/2

[Event "71st RUS-ch Higher League 2018"]
[Site "Yaroslavl"]
[Date "2018.07.05"]
[Round "9"]
[White "Goganov, Aleksey"]
[Black "Potkin, Vladimir"]
[Result "1/2-1/2"]
[WhiteElo "2576"]
[BlackElo "2592"]
[Annotator "RC"]
[PlyCount "81"]
[EventDate "2018.06.26"]
[EventType "swiss"]
[EventCountry "RUS"]
[SourceTitle "playchess.com"]
[Source "ChessBase"]
[SourceQuality "1"]
[TimeControl "40/5400+30:1800+30"]

1. d4 {[%emt 0:00:00]} Nf6 {[%emt 0:00:26]} 2. c4 {[%emt 0:00:00]} g6 {[%emt 0:01:04]} 3. Nc3 {[%emt 0:00:52]} d5 {[%emt 0:00:09]} 4. cxd5 {[%emt 0:02:08]} Nxd5 {[%emt 0:00:11]} 5. g3 {[%emt 0:02:22]} Bg7 {[%emt 0:01:09]} 6. Bg2 {[%emt 0:00:21]} Nxc3 {[%emt 0:02:22]} 7. bxc3 {[%emt 0:00:16]} c5 {[%emt 0:01:25]} 8. Nf3 {[%emt 0:00:25]} Nc6 {[%emt 0:05:12]} 9. O-O {[%emt 0:06:15]} cxd4 {[%emt 0:09:12]} 10. Nxd4 {[%emt 0:01:06]} Nxd4 {[%emt 0:01:14]} 11. cxd4 {[%emt 0:00:05]} Qxd4 {[%emt 0:00:40]} 12. Rb1 {[%emt 0:02:05]} O-O {[%emt 0:00:43]} 13. Qxd4 {[%emt 0:05:15]} Bxd4 {[%emt 0:00:22]} 14. Bh6 {[%emt 0:00:38]} Bg7 {[%emt 0:12:29]} 15. Bg5 {[%emt 0:04:04]} Bf6 {[%emt 0:09:58]} 16. Bxf6 {[%emt 0:00:17]} exf6 {[%emt 0:00:38]} 17. Bxb7 {[%emt 0:01:08]} Rb8 {[%emt 0:01:17]} 18. Bd5 {[%emt 0:05:51]} Bf5 {[%emt 0:15:43]} 19. Rxb8 {[%emt 0:03:11]} Rxb8 {[%emt 0:00:35]} 20. Rc1 {[%emt 0:00:08]} Rb2 {[%emt 0:04:25]} 21. Kf1 {[%emt 0:03:38]} Rb5 {[%emt 0:04:58]} 22. Bb3 {[%emt 0:03:42]} Ra5 {[%emt 0:00:59]} 23. Rc6 {[%emt 0:01:37]} Be6 {[%emt 0:02:14]} 24. Bxe6 {[%emt 0:00:07]} fxe6 {[%emt 0:00:04]} 25. Rxe6 {[%emt 0:00:04]} Kf7 {[%emt 0:03:08]} 26. Rc6 {[%emt 0:00:20]} Rxa2 {[%emt 0:00:05]} 27. Rc7+ {[%emt 0:00:02]} Kg8 {[%emt 0:00:06]} 28. g4 {[%emt 0:00:32]} a5 {[%emt 0:00:48]} 29. Ra7 {[%emt 0:00:19]} a4 {[%emt 0:01:04]} 30. h4 {[%emt 0:00:19]} a3 {[%emt 0:00:28]} 31. Kg2 {[%emt 0:01:35]} Rxe2 {[%emt 0:00:45]} 32. Rxa3 {[%emt 0:00:04]} Re7 {[%emt 0:00:18]} 33. Rb3 {[%emt 0:00:06]} Kf7 {[%emt 0:00:07]} 34. Ra3 {[%emt 0:00:03]} Rb7 {[%emt 0:00:07]} 35. Rc3 {[%emt 0:00:10]} Ra7 {[%emt 0:00:06]} 36. Rb3 {[%emt 0:00:04]} Rd7 {[%emt 0:00:06]} 37. Ra3 {[%emt 0:00:03]} Rc7 {[%emt 0:00:06]} 38. Rb3 {[%emt 0:00:04]} Kg7 {[%emt 0:00:07]} 39. Ra3 {[%emt 0:00:04]} Kf7 {[%emt 0:00:07]} 40. Rb3 {[%emt 0:00:00]} Re7 {[%emt 0:00:00]} 41. Ra3 {[%emt 0:00:05]} 1/2-1/2

[Event "71st RUS-ch Higher League 2018"]
[Site "Yaroslavl"]
[Date "2018.07.05"]
[Round "9"]
[White "Sarana, Alexey"]
[Black "Kobalia, Mikhail"]
[Result "1/2-1/2"]
[WhiteElo "2573"]
[BlackElo "2608"]
[Annotator "ChessBase"]
[PlyCount "92"]
[EventDate "2018.06.26"]
[EventType "swiss"]
[EventCountry "RUS"]
[SourceTitle "playchess.com"]
[Source "ChessBase"]
[SourceQuality "1"]
[TimeControl "40/5400+30:1800+30"]

1. d4 {[%emt 0:00:00]} d5 {[%emt 0:00:04]} 2. c4 {[%emt 0:00:00]} c6 {[%emt 0:00:07]} 3. cxd5 {[%emt 0:00:00]} cxd5 {[%emt 0:00:05]} 4. Nc3 {[%emt 0:00:00]} e6 {[%emt 0:05:34]} 5. Bf4 {[%emt 0:00:27]} Nc6 {[%emt 0:00:04]} 6. e3 {[%emt 0:00:08]} Bd6 {[%emt 0:01:49]} 7. Bxd6 {[%emt 0:00:47]} Qxd6 {[%emt 0:00:06]} 8. Nf3 {[%emt 0:00:24]} Bd7 {[%emt 0:00:28]} 9. Qb3 {[%emt 0:09:21]} Qb8 {[%emt 0:03:41]} 10. Bd3 {[%emt 0:02:01]} Nge7 {[%emt 0:00:25]} 11. O-O {[%emt 0:00:56]} O-O {[%emt 0:00:29]} 12. Rfc1 {[%emt 0:00:35]} Rc8 {[%emt 0:01:41]} 13. Qd1 {[%emt 0:10:36]} Be8 {[%emt 0:01:18]} 14. Ne2 {[%emt 0:02:46]} Qd6 {[%emt 0:03:26]} 15. Qd2 {[%emt 0:00:42]} Nb4 {[%emt 0:11:07]} 16. Bb1 {[%emt 0:01:22]} f6 {[%emt 0:00:43]} 17. a3 {[%emt 0:02:54]} Rxc1+ {[%emt 0:00:36]} 18. Qxc1 {[%emt 0:02:16]} Nbc6 {[%emt 0:03:29]} 19. Qd2 {[%emt 0:00:37]} Rc8 {[%emt 0:05:58]} 20. Bd3 {[%emt 0:07:19]} Bg6 {[%emt 0:01:57]} 21. Rc1 {[%emt 0:02:16]} Bxd3 {[%emt 0:00:19]} 22. Qxd3 {[%emt 0:00:02]} Qd7 {[%emt 0:00:47]} 23. Nd2 {[%emt 0:04:33]} Nf5 {[%emt 0:00:50]} 24. Qb3 {[%emt 0:05:51]} Nd6 {[%emt 0:00:49]} 25. Rc5 {[%emt 0:03:09]} b6 {[%emt 0:02:15]} 26. Rc3 {[%emt 0:00:19]} Na5 {[%emt 0:04:10]} 27. Rxc8+ {[%emt 0:03:04]} Qxc8 {[%emt 0:00:12]} 28. Qb4 {[%emt 0:01:55]} Qc6 {[%emt 0:01:41]} 29. b3 {[%emt 0:03:22]} Kf7 {[%emt 0:00:58]} 30. Qc3 {[%emt 0:01:04]} Nb5 {[%emt 0:03:05]} 31. Qxc6 {[%emt 0:04:50]} Nxc6 {[%emt 0:00:09]} 32. a4 {[%emt 0:00:04]} Na3 {[%emt 0:03:15]} 33. Nc3 {[%emt 0:00:56]} Nc2 {[%emt 0:00:23]} 34. Kf1 {[%emt 0:00:47]} N2b4 {[%emt 0:00:31]} 35. f4 {[%emt 0:07:12]} e5 {[%emt 0:04:52]} 36. fxe5 {[%emt 0:00:20]} fxe5 {[%emt 0:00:03]} 37. dxe5 {[%emt 0:00:22]} Nxe5 {[%emt 0:00:20]} 38. Ke2 {[%emt 0:01:06]} a6 {[%emt 0:09:54]} 39. Nf3 {[%emt 0:01:19]} Nxf3 {[%emt 0:03:27]} 40. Kxf3 {[%emt 0:00:00]} Kf6 {[%emt 0:00:00]} 41. Ne2 {[%emt 0:04:50]} Nc2 {[%emt 0:15:30]} 42. Nd4 {[%emt 0:03:35]} Nxd4+ {[%emt 0:01:16]} 43. exd4 {[%emt 0:00:35]} h5 {[%emt 0:01:35]} 44. g3 {[%emt 0:00:58]} Kf5 {[%emt 0:01:54]} 45. h3 {[%emt 0:00:07]} a5 {[%emt 0:00:18]} 46. Ke3 {[%emt 0:00:06]} g5 {[%emt 0:00:20] Ke4+ Ke5+} 1/2-1/2

[Event "71st RUS-ch Higher League 2018"]
[Site "Yaroslavl"]
[Date "2018.07.05"]
[Round "9"]
[White "Shaposhnikov, Evgeny"]
[Black "Kokarev, Dmitry"]
[Result "1/2-1/2"]
[WhiteElo "2572"]
[BlackElo "2603"]
[Annotator "ChessBase"]
[PlyCount "22"]
[EventDate "2018.06.26"]
[EventType "swiss"]
[EventCountry "RUS"]
[SourceTitle "playchess.com"]
[Source "ChessBase"]
[SourceQuality "1"]
[TimeControl "40/5400+30:1800+30"]

1. e4 {[%emt 0:00:00]} c5 {[%emt 0:00:00]} 2. Nf3 {[%emt 0:00:00]} d6 {[%emt 0:00:08]} 3. d4 {[%emt 0:00:00]} cxd4 {[%emt 0:00:29]} 4. Nxd4 {[%emt 0:00:35]} Nf6 {[%emt 0:00:12]} 5. Nc3 {[%emt 0:00:09]} a6 {[%emt 0:00:42]} 6. Nb3 {[%emt 0:01:51]} Nc6 {[%emt 0:05:25]} 7. Be3 {[%emt 0:01:54]} Ng4 {[%emt 0:04:56]} 8. Bd2 {[%emt 0:03:17]} Nf6 {[%emt 0:04:54]} 9. Be3 {[%emt 0:04:45]} Ng4 {[%emt 0:00:28]} 10. Bd2 {[%emt 0:00:50]} Nf6 {[%emt 0:00:08]} 11. Be3 {[%emt 0:00:15]} Ng4 1/2-1/2